000 00669nam a2200205 i 4500
001 27347
003 ES-MaACL
005 20230908063134.0
007 t|
008 030114s1899 cu ||||1| spa d
080 _a343.125
100 1 _aArantave, Alfonso de
_922326
245 1 3 _aEl habeas corpus
_b: artículos publicados en la Unión Española en el mes de mayo de 1899 /
_cAlfonso de Arantave.
260 _aHabana :
_b[s.n.],
_c1899 (
_fImp. de la Moderna Poesía)
300 _a20 p. ;
_c22 cm.
650 4 _aHabeas corpus.
_9146371
852 _aES-MaACL
_jT-977-F-8
_zDedicatoria autógrafa del autor
942 _2udc
999 _c27347
_d27347